00742nab a22001817a 4500003000400000005001700004008004100021040000700062100002800069245007500097260007200172300001200244500003800256505008900294650002000383650002000403773013700423OSt20251230230908.0190605e xxu||||| |||| 00| 0 spa d cPJ aDiego, Julián A. de 13aLa reforma laboral de la ley de bases 27.742 /cJulián A. de Diego.  aCiudad Autónoma de Buenos Aires :bThomson Reuters La Ley,c2024. ap. 5-12 aCita: TR LALEY AR/DOC/2035/2024  t¿Te interesa el texto completo? Solicitalo al correo: koha@justierradelfuego.gov.ar 0aDERECHO LABORAL 0aREFORMA LABORAL0 02711dCiudad Autónoma de Buenos Aires : Thomson Reuters La Ley, 1999-2002.tRevista de derecho del trabajo. Nº5 - Septiembre 2024